10 rokov filozofickej tvorby na KFV FHV UMB v Banskej Bystrici

Bibliographic Details
Main Author: Šlosiar, Ján, 1952- (Author)
Format: Article
Language:Slovak
ISBN:8088885663
Subjects:

MARC

LEADER 00000nab a2200000 a 4500
001 vtls009946279
003 SK-MaSNL
005 20260304223438.0
008 140527c1999 xo r m 000 00slo
015 |a SNBRA2009/09SVKPO 
038 |a SVKPO 
040 |a SVKPOCL  |c slo  |e AACR2 
041 0 |a slo 
044 |a xo  |c SK 
080 |a 378.4.096:1(437.6)  |2 2001 
100 1 |a Šlosiar, Ján,  |d 1952-  |4 aut  |9 200623 
245 1 0 |a 10 rokov filozofickej tvorby na KFV FHV UMB v Banskej Bystrici  |c Ján Šlosiar 
246 3 |a Desať rokov filozofickej tvorby na KFV FHV UMB v Banskej Bystrici 
504 |a Bibliogr. odkazy 
610 2 7 |a Univerzita Mateja Bela v Banskej Bystrici.  |b Fakulta humanitných vied.  |b Katedra filozofických vied  |2 svkpocl  |9 174127 
650 0 7 |a publikačná činnosť  |2 svkpocl  |9 66957 
651 7 |a Banská Bystrica (Slovensko)  |2 svkpocl  |9 22015 
773 0 |t Slovenská a česká filozofia na prelome tisícročí / František Mihina, Viera Bilasová, Rudolf Dupkala  |d Prešov : Prešovská univerzita, 1999  |g S. 300-316  |z 8088885663 
852 |a SVKPO  |b KIS3GCP 
958 |a SK 
958 |a NB 
999 |c 3167921  |d 3169851